Catálogo
 En Linea

Cómo jugar un mejor beisbol : guía especial para pequeñas ligas. : (Registro nro. 48619)

Detalles MARC
000 -CABECERA
campo de control de longitud fija 00648nam a2200181 a 4500
001 - NÚMERO DE CONTROL
campo de control 000049131
005 - FECHA Y HORA DE LA ÚLTIMA TRANSACCIÓN
campo de control 20201002061700.0
008 - DATOS DE LONGITUD FIJA--INFORMACIÓN GENERAL
campo de control de longitud fija 190722s2008 dr a 000 spa d
040 ## - FUENTE DE LA CATALOGACIÓN
Centro catalogador/agencia de origen DO-SdBNP
Lengua de catalogación spa
Centro/agencia transcriptor BNPHU
082 ## - NÚMERO DE LA CLASIFICACIÓN DECIMAL DEWEY
Número de clasificación 796.357
Número de documento/Ítem S321c
100 1# - ENTRADA PRINCIPAL--NOMBRE DE PERSONA
Nombre de persona Scheker Ortiz, Luis
9 (RLIN) 9515
245 10 - MENCIÓN DE TÍTULO
Título Cómo jugar un mejor beisbol : guía especial para pequeñas ligas. :
Resto del título guía especial para pequeñas ligas /
Mención de responsabilidad, etc. Luis Scheker Ortíz.
260 ## - PUBLICACIÓN, DISTRIBUCIÓN, ETC.
Lugar de publicación, distribución, etc. Santo Domingo :
Nombre del editor, distribuidor, etc. Martínez Artes Gráficas,
Fecha de publicación, distribución, etc. 2008.
300 ## - DESCRIPCIÓN FÍSICA
Extensión 199 p. :
Otras características físicas il. ;
Dimensiones 21 cm.
590 ## - NOTA LOCAL (RLIN)
Nota local Inventariado, 2019 / DG
650 #4 - PUNTO DE ACCESO ADICIONAL DE MATERIA--TÉRMINO DE MATERIA
Término de materia o nombre geográfico como elemento de entrada Beisbol
Subdivisión general Manuales
9 (RLIN) 20151
650 #4 - PUNTO DE ACCESO ADICIONAL DE MATERIA--TÉRMINO DE MATERIA
Término de materia o nombre geográfico como elemento de entrada Beisbol
Subdivisión general Reglamentos
9 (RLIN) 20152
Existencias
Estado de retiro Estado de pérdida No para préstamo Código de colección Localización permanente Ubicación/localización actual Ubicación en estantería Fecha de adquisición Número de inventario Total de préstamos Signatura topográfica completa Código de barras Fecha visto por última vez Precio válido a partir de Tipo de ítem Koha
    Excluido de préstamo Patrimonio Dominicano Patrimonio Dominicano Patrimonio Dominicano Depósito 22.07.2019 LF1   796.357 S321c 49132-10 25.06.2020 25.06.2020 Libro y Folleto Colección Patrimonio Dominicano

Con tecnología Koha